<?xml version="1.0" encoding="UTF-8"?>
<record
    xmlns:xsi="http://www.w3.org/2001/XMLSchema-instance"
    xsi:schemaLocation="http://www.loc.gov/MARC21/slim http://www.loc.gov/standards/marcxml/schema/MARC21slim.xsd"
    xmlns="http://www.loc.gov/MARC21/slim">

  <leader>01654nam a22003857a 4500</leader>
  <controlfield tag="001">0145</controlfield>
  <controlfield tag="003">DO-SdBNP</controlfield>
  <controlfield tag="005">20240812102757.0</controlfield>
  <controlfield tag="007">0145</controlfield>
  <controlfield tag="008">160624b 20uu sp || 00| 0 spa d</controlfield>
  <datafield tag="016" ind1=" " ind2=" ">
    <subfield code="a"> </subfield>
  </datafield>
  <datafield tag="020" ind1=" " ind2=" ">
    <subfield code="a">8475051812 (o.c.)</subfield>
  </datafield>
  <datafield tag="040" ind1=" " ind2=" ">
    <subfield code="a">BPMSR</subfield>
    <subfield code="b">spa</subfield>
    <subfield code="c">BPMSU</subfield>
  </datafield>
  <datafield tag="082" ind1=" " ind2="4">
    <subfield code="a">808.83</subfield>
    <subfield code="b">A634m 2021</subfield>
    <subfield code="2"> 22</subfield>
  </datafield>
  <datafield tag="245" ind1="0" ind2="0">
    <subfield code="a">Antolog&#xED;a : </subfield>
    <subfield code="b">los mejores relatos de los Siglos de Oro /</subfield>
    <subfield code="c">selecci&#xF3;n, pr&#xF3;logo y notas de Aurelio Gonz&#xE1;lez.</subfield>
  </datafield>
  <datafield tag="260" ind1=" " ind2=" ">
    <subfield code="a">Madrid : </subfield>
    <subfield code="b">Alfaguara,</subfield>
    <subfield code="c">2021</subfield>
  </datafield>
  <datafield tag="300" ind1=" " ind2=" ">
    <subfield code="a">420  p. ;</subfield>
    <subfield code="c">23 cm.</subfield>
  </datafield>
  <datafield tag="490" ind1="0" ind2=" ">
    <subfield code="a">Roja</subfield>
  </datafield>
  <datafield tag="505" ind1="0" ind2=" ">
    <subfield code="a">El licenciado vidriera / Miguel de Cervantes ; La m&#xE1;s prudente venganza / Lope de Vega ; El alguacil endemoniado / Francisco Quevedo ; El jard&#xED;n enga&#xF1;oso / Mar&#xED;a de Zayas ; Crisi I / Baltasar Graci&#xE1;n ; Respuesta a Sor Filotea de la Cruz / Sor Juana In&#xE9;s de la Cruz.</subfield>
  </datafield>
  <datafield tag="590" ind1=" " ind2=" ">
    <subfield code="a">Inventariado, 2024/VM</subfield>
  </datafield>
  <datafield tag="600" ind1=" " ind2=" ">
    <subfield code="2"> </subfield>
  </datafield>
  <datafield tag="650" ind1=" " ind2="4">
    <subfield code="a">Cuentos </subfield>
    <subfield code="v">Colecciones </subfield>
  </datafield>
  <datafield tag="650" ind1=" " ind2="4">
    <subfield code="a">Venganza </subfield>
    <subfield code="v">Cuentos </subfield>
    <subfield code="3"> </subfield>
  </datafield>
  <datafield tag="650" ind1=" " ind2="4">
    <subfield code="a">Jardines</subfield>
    <subfield code="v">Cuentos.</subfield>
  </datafield>
  <datafield tag="650" ind1=" " ind2="4">
    <subfield code="a">Venganza</subfield>
    <subfield code="v">Cuentos</subfield>
  </datafield>
  <datafield tag="700" ind1="1" ind2=" ">
    <subfield code="a">Cervantes Saavedra, Miguel de,  </subfield>
    <subfield code="d">1547-1616.</subfield>
    <subfield code="t">Licenciado vidriera.</subfield>
    <subfield code="c"> </subfield>
  </datafield>
  <datafield tag="700" ind1="1" ind2=" ">
    <subfield code="a">Zayas y Sotomayor, Mar&#xED;a de, </subfield>
    <subfield code="d">1590-1661. </subfield>
    <subfield code="t">Jard&#xED;n enga&#xF1;oso</subfield>
  </datafield>
  <datafield tag="700" ind1="1" ind2=" ">
    <subfield code="a">Graci&#xE1;n, Baltasar, </subfield>
    <subfield code="d">1601-1658.</subfield>
    <subfield code="t">Crisi I.</subfield>
  </datafield>
  <datafield tag="700" ind1="1" ind2=" ">
    <subfield code="a"> Juana In&#xE9;s de la Cruz,</subfield>
    <subfield code="c"> Sor, </subfield>
    <subfield code="d"> 1651-1695.</subfield>
    <subfield code="t">Respuesta a Sor Filotea de la Cruz.</subfield>
  </datafield>
  <datafield tag="700" ind1="1" ind2=" ">
    <subfield code="a">Higueras D&#xED;ez, Marta, </subfield>
    <subfield code="e">ed.</subfield>
  </datafield>
  <datafield tag="700" ind1="1" ind2=" ">
    <subfield code="a">Quevedo y Villegas, Francisco G&#xF3;mez de, </subfield>
    <subfield code="d"> 1580-1645.</subfield>
    <subfield code="t">Alguacil endemoniado.</subfield>
    <subfield code="4"> </subfield>
  </datafield>
  <datafield tag="700" ind1="1" ind2=" ">
    <subfield code="a">Vega Carpio, F&#xE9;lix Lope de, </subfield>
    <subfield code="d"> 1562-1635. </subfield>
    <subfield code="t"> M&#xE1;s prudente venganza.</subfield>
    <subfield code="c"> </subfield>
  </datafield>
  <datafield tag="910" ind1=" " ind2=" ">
    <subfield code="a">VMateo V. Control de calidad. BPMSU</subfield>
  </datafield>
  <datafield tag="942" ind1=" " ind2=" ">
    <subfield code="2">ddc</subfield>
    <subfield code="c">BK</subfield>
  </datafield>
  <datafield tag="952" ind1=" " ind2=" ">
    <subfield code="0">0</subfield>
    <subfield code="1">0</subfield>
    <subfield code="2">ddc</subfield>
    <subfield code="4">0</subfield>
    <subfield code="7">0</subfield>
    <subfield code="8">CG</subfield>
    <subfield code="a">BPMET</subfield>
    <subfield code="b">BPMET</subfield>
    <subfield code="d">2016-06-24</subfield>
    <subfield code="e">ALFAGUARA</subfield>
    <subfield code="l">0</subfield>
    <subfield code="o">BPMSU CG 808.83 A634m 2001</subfield>
    <subfield code="p">BPMSU16060565</subfield>
    <subfield code="r">2016-06-24</subfield>
    <subfield code="t"> </subfield>
    <subfield code="w">2016-06-24</subfield>
    <subfield code="y">BK</subfield>
  </datafield>
  <datafield tag="952" ind1=" " ind2=" ">
    <subfield code="0">0</subfield>
    <subfield code="1">0</subfield>
    <subfield code="2">ddc</subfield>
    <subfield code="4">0</subfield>
    <subfield code="7">0</subfield>
    <subfield code="8">CG</subfield>
    <subfield code="a">BPMET</subfield>
    <subfield code="b">BPMET</subfield>
    <subfield code="d">2016-06-24</subfield>
    <subfield code="e">ALFAGUARA</subfield>
    <subfield code="l">0</subfield>
    <subfield code="o">BPMSU CG 808.83 A634m 2001</subfield>
    <subfield code="p">BPMSU16060566</subfield>
    <subfield code="r">2016-06-24</subfield>
    <subfield code="t">e.2</subfield>
    <subfield code="w">2016-06-24</subfield>
    <subfield code="y">BK</subfield>
  </datafield>
  <datafield tag="952" ind1=" " ind2=" ">
    <subfield code="0">0</subfield>
    <subfield code="1">0</subfield>
    <subfield code="2">ddc</subfield>
    <subfield code="4">0</subfield>
    <subfield code="7">0</subfield>
    <subfield code="8">CG</subfield>
    <subfield code="a">BPMET</subfield>
    <subfield code="b">BPMET</subfield>
    <subfield code="d">2016-06-24</subfield>
    <subfield code="e"> FUNDI</subfield>
    <subfield code="l">0</subfield>
    <subfield code="o">BPMSU CG 808.83 A634m 2001</subfield>
    <subfield code="p">BPMSU16060567</subfield>
    <subfield code="r">2016-06-24</subfield>
    <subfield code="t"> e.3</subfield>
    <subfield code="w">2016-06-24</subfield>
    <subfield code="y">BK</subfield>
  </datafield>
  <datafield tag="999" ind1=" " ind2=" ">
    <subfield code="c">10585</subfield>
    <subfield code="d">10585</subfield>
  </datafield>
</record>
